Responses for Show #4731 - Monday, March 14, 2005

2005 Ultimate Tournament of Champions Round 1, game 24.

(Sarah: Ice and snow keep some people outdoors! Clues about all kinds of winter sports, next on Jeopardy!)

Contestants

[<< previous game]

Dennis Donohue, a general manager from Janesville, Wisconsin

Mike Thayer, a mathematics teacher from North Plainfield, New Jersey

Chris Miller, a retail specialist from Louisville, Kentucky

[next game >>]

Jeopardy! Round responses

JOHN ADAMS
IN THE MINORITY
WINTER SPORTS REVIEW
SHADES OF BROWN
G.I. JOE
"BIG" DEAL
    $200 2
the Boston Massacre

Dennis
    $200 4
Mexican

Mike
    $200 22
an oval

Mike
    $200 27
sepia

Dennis
    $200 1
an action figure

Dennis
    $200 16
Bigfoot

Chris
    $400 3
the vice presidency

Mike
    $400 5
Moor

Dennis
    $400 23
(Mike: What are blades?)
(Chris: What are rails?)

runners

ChrisMikeDennis
    $400 28
(Chris: What is nutmeg?)

cinnamon

ChrisMike
    $400 7
a nurse

Chris
    $400 17
"The Big Rock Candy Mountain"

Chris
    $600 6
(James) McHenry

Chris
    $600 9
the Basques

Chris
    $600 24
his heart rate

Chris
    $600 21
Vandyke

Chris
    $600 8
the Vietnam War

Mike
    $600 18
a bighorn sheep

Dennis
    $800 13
the Federalists

Dennis
    $800 12
Israel

Dennis
    $800 25
the curl (curling accepted)

Mike
    $800 29
russet

Dennis
    $800 10
Sgt. Slaughter

Chris
    $800 19
the big toe

Mike
    $1000 14
the XYZ Affair

Chris
    $2,000 15
(Chris: Who are the Armenians?)

the Russians

Chris
    $1000 26
the tuck

Chris
    $1000 30
umber

Mike
    $1000 11
kung fu

Chris
    $1000 20
"The Big Two-Hearted River"

Triple Stumper

Scores at the first commercial break (after clue 13):

Chris Mike Dennis
$3,400 $1,200 $2,400

Scores at the end of the Jeopardy! Round:

Chris Mike Dennis
$4,400 $4,000 $4,400

Double Jeopardy! Round responses

COMPOSERS
DAYS OF THE WEEK
SHAKESPEAREAN INSULTS
BIOLOGY
"PRO"
CAAN
    $400 2
Vivaldi

Chris
    $400 6
Ash Wednesday

Dennis
    $400 11
(Mike: Who is Iago?)

Desdemona

ChrisMike
    $400 16
Fungi

Chris
    $400 21
probation

Mike
    $400 30
(Alex: That's right. "Luca Brasi sleeps with the fishes".)
[ERRATUM: The character's name is actually Pete Clemenza, played by Richard S. Castellano.]

The Godfather

Chris
    $800 1
Schubert

Chris
    $800 7
Tuesday Weld

Chris
    $800 12
Macbeth

Dennis
    $800 17
carbon

Chris
    $800 22
Prozac

Chris
    $800 26
Elf

Mike
    $1200 3
Sibelius

Mike
    $1200 8
T.G.I. Friday's

Chris
    $1200 13
As You Like It

Chris
    $1200 18
daughter cells

Chris
    $1200 23
the proboscis

Chris
    $1200 27
Honeymoon in Vegas

Chris
    $2,000 4
(Béla) Bartók

Mike
    $1600 9
(Chris: What is Friday--Black Friday?)

Black Thursday

ChrisMike
    $1600 14
(Dennis: What's Timon of Athens?)

Troilus and Cressida

ChrisDennis
    $1600 19
sequencing

Triple Stumper
    $1600 24
a protractor

Chris
    $1600 28
(Mike: What is Brian's Song?)
...
(Alex: Yes, we were going for the athlete, not the title of the show.)

Brian Piccolo

ChrisMike
    $2000 5
Rachmaninoff

Chris
    $2000 10
Billy Sunday

Dennis
    $2000 15
The Winter's Tale

Triple Stumper
    $3,500 20
(Chris: Uh, I'm sorry.)

HGH (human growth hormone)

Chris
    $2000 25
propane

Mike
    $2000 29
(Mike: What is Johnny Blue Eyes?)

Mickey Blue Eyes

ChrisMike

Scores at the end of the Double Jeopardy! Round:

Chris Mike Dennis
$18,900 $8,000 $6,000
(lock game)

[wagering suggestions for these scores]

Final Jeopardy! Round responses

THE 20th CENTURY
DennisWhat is air mail?
$0
MikeWhat is the National Broadc
$7,995
ChrisWhat is air mail?
$2,899
air mail

Final scores:

Chris Mike Dennis
$21,799 $5 $6,000
Winner: $21,799 + an advance to UToC Round 2 3rd place: $5,000 2nd place: $5,000

Game dynamics:

Coryat scores:

Chris Mike Dennis
$24,400 $7,600 $6,000
29 R,
5 W
(including 2 DDs)
14 R
(including 1 DD),
4 W
12 R,
1 W

Combined Coryat: $38,000

[game clues] [game scores] [suggest correction]

Game tape date: 2005-02-22
The J! Archive is created by fans, for fans. Scraping, republication, monetization, and malicious use prohibited; this site may use cookies and collect identifying information. See terms. The Jeopardy! game show and all elements thereof, including but not limited to copyright and trademark thereto, are the property of Jeopardy Productions, Inc. and are protected under law. This website is not affiliated with, sponsored by, or operated by Jeopardy Productions, Inc. Join the discussion at JBoard.tv.